1929 again? / (Registro nro. 11688)

Detalles MARC
000 -LEADER
fixed length control field 01197cam a2200253 a 4500
003 - CONTROL NUMBER IDENTIFIER
control field OSt
005 - DATE AND TIME OF LATEST TRANSACTION
control field 20210519160616.0
008 - FIXED-LENGTH DATA ELEMENTS--GENERAL INFORMATION
fixed length control field 880928s1988 idua grb 000 0 eng
010 ## - LIBRARY OF CONGRESS CONTROL NUMBER
LC control number 87092265
020 ## - INTERNATIONAL STANDARD BOOK NUMBER
International Standard Book Number 0962001104
040 ## - CATALOGING SOURCE
Original cataloging agency DLC
Transcribing agency CO-JMCR
041 0# - LANGUAGE CODE
Language code of text/sound track or separate title eng
082 04 - DEWEY DECIMAL CLASSIFICATION NUMBER
Classification number 330.973 /
Item number R822m
Edition number 23
100 1# - MAIN ENTRY--PERSONAL NAME
Personal name Rudd, Terry R.
Relator term autor
9 (RLIN) 37683
245 10 - TITLE STATEMENT
Title 1929 again? /
Statement of responsibility, etc. Terry R. Rudd.
260 ## - PUBLICATION, DISTRIBUTION, ETC.
Place of publication, distribution, etc. Lewiston, Idaho, U.S.A. :
Name of publisher, distributor, etc. Bell Curve Research Foundation,
Date of publication, distribution, etc. 1988.
300 ## - PHYSICAL DESCRIPTION
Extent 446 páginas :
Other physical details ilustraciones y gráficos en blanco y negro ;
Dimensions 23 cm.
504 ## - BIBLIOGRAPHY, ETC. NOTE
Bibliography, etc. note Bibliografía : páginas 403-407.
505 0# - FORMATTED CONTENTS NOTE
Formatted contents note what´s happening to real estate?. -- what is value?. -- Reason is reason . -- Approaches to value. -- Comparison is comparisons. -- The roots of value. -- Cycles-How the World travels. -- Spirals and other aids in cycle timing. -- Where are the equity markets headed?. -- Where are the equity markets headed?. -- Investment decisions. -- How to succeed in real estate whth bell.
650 14 - SUBJECT ADDED ENTRY--TOPICAL TERM
Topical term or geographic name entry element Business cycles
Geographic subdivision United States.
9 (RLIN) 37684
650 24 - SUBJECT ADDED ENTRY--TOPICAL TERM
Topical term or geographic name entry element Economic forecasting
Geographic subdivision United States.
9 (RLIN) 37685
650 24 - SUBJECT ADDED ENTRY--TOPICAL TERM
Topical term or geographic name entry element Depressions
Chronological subdivision 1929
Geographic subdivision United States.
9 (RLIN) 37686
942 ## - ADDED ENTRY ELEMENTS (KOHA)
Source of classification or shelving scheme Dewey Decimal Classification
Koha item type Books
Existencias
Withdrawn status Lost status Source of classification or shelving scheme Damaged status Not for loan Home library Current library Shelving location Date acquired Source of acquisition Full call number Barcode Date last seen Copy number Price effective from Koha item type
    Dewey Decimal Classification     Biblioteca Pública José María del Castillo y Rada Biblioteca Pública José María del Castillo y Rada General Stacks 04/15/2018 Donación 330.973 / R822m 430002137 05/16/2024 Ej.1 03/10/2021 Books